000 01719cam a2200265 4500
001 L159906
008 020301n2017 000 0 eng u
020 _a9781528601283
035 _a(Sirsi) u159906
041 _aeng.
050 _a692.21
110 _aMinistry of Housing, Communities and Local Government
_96195
245 _aBuilding a safer future
_bIndependent review of building regulations and fire safety
_bInterim report
_h[electronic resource]
260 _aLondon
_bStationery Office
_c2017
505 2 _aA personal view from Dame Judith Hackitt -- Summary -- Findings and direction of travel -- A brief history of the current regulatory system -- The current regulatory landscape -- Gathering stakeholder evidence -- International systems for building regulation and fire safety -- Appendices
520 _aAims to make recommendations that will ensure there is a sufficiently robust regulatory system for the future and provide further assurance to residents that the buildings they live in are safe and will remain so. This interim report sets out the findings to date and the direction of travel for the final report.
650 _aFIRE PREVENTION
650 _aHealth and safety
_96244
650 _aBuilding regulations
_96224
651 4 _aENGLAND AND WALES
700 1 _aHackitt, Judith
856 4 0 _uhttps://www.gov.uk/government/uploads/system/uploads/attachment_data/file/668831/Independent_Review_of_Building_Regulations_and_Fire_Safety_web_accessible.pdf
_zView the interim report at www.gov.uk
856 4 0 _uhttps://www.gov.uk/government/publications/independent-review-of-building-regulations-and-fire-safety-interim-report
_zView the interim report at www.gov.uk
942 _n0
999 _c116145
_d116145